Learning Resource and Development

Fundamentals of electrical circuits. (Record no. 30784)

MARC details
000 -LEADER
fixed length control field 02760nam a2200277 i 4500
003 - CONTROL NUMBER IDENTIFIER
control field CSPC
005 - DATE AND TIME OF LATEST TRANSACTION
control field 20251022151255.0
008 - FIXED-LENGTH DATA ELEMENTS--GENERAL INFORMATION
fixed length control field 251022s2020 nyua b 001 0 eng d
020 ## - INTERNATIONAL STANDARD BOOK NUMBER
International Standard Book Number 9781984638434
040 ## - CATALOGING SOURCE
Original cataloging agency CSPC
Language of cataloging eng
Transcribing agency CSPC
Description conventions rda
050 #4 - LIBRARY OF CONGRESS CALL NUMBER
Classification number TK454
082 04 - DEWEY DECIMAL CLASSIFICATION NUMBER
Classification number 621.3815
Item number F962
245 00 - TITLE STATEMENT
Title Fundamentals of electrical circuits.
264 #1 - PRODUCTION, PUBLICATION, DISTRIBUTION, MANUFACTURE, AND COPYRIGHT NOTICE
Place of production, publication, distribution, manufacture New York :
Name of producer, publisher, distributor, manufacturer 3G E-Learning,
Date of production, publication, distribution, manufacture, or copyright notice 2020.
300 ## - PHYSICAL DESCRIPTION
Extent xiv, 281 pages :
Other physical details color illustrations ;
Dimensions 26 cm.
336 ## - CONTENT TYPE
Source rdacontent
Content type term text
337 ## - MEDIA TYPE
Source rdamedia
Media type term unmediated
338 ## - CARRIER TYPE
Source rdacarrier
Carrier type term volume
504 ## - BIBLIOGRAPHY, ETC. NOTE
Bibliography, etc. note Includes bibliographical references and index.
505 0# - FORMATTED CONTENTS NOTE
Formatted contents note Circuit topologies and DC excitation -- Transient response -- AC response and polyphase circuit -- Operational amplifiers -- Capacitors and inductors -- Magnetic circuits -- Electrical distribution system.
520 ## - SUMMARY, ETC.
Summary, etc. "Electrical circuit is an interconnection of electrical components. An electrical circuit can be defined as a path or line through which an electrical current flows. The path may be closed (joined at both ends), making it a loop. An electrical circuit consists of batteries, resistors, inductors, capacitors, switches or transistors. An electrical network consists of a closed loop. A circuit is a closed path where electrons flow in a wire. As long as the copper wire is allowed to itself, the electrons drift between the atoms but never leave the copper. The fundamental knowledge and skills of the basic electrical circuits always work as a strong foundation for technically sound experience. Students can also become vigorously familiar with these basic circuits particularly with hands-on experience. The basic circuit thus helps a learn-er to gai understanding of the basic components and circuit's characteristics while it is in operation. This book gives fundamental concepts about two types of electric circuits: AC and DC circuits. Depending on the type of source, electricity varies as Alternating Current (AC) and Direct Current(DC).<br/>The book contains seven chapters and offers comprehensive knowledge about the basic electrical circuits. This book is intended to provide an introduction in the field of electrical engineering to the fundamental concepts in the sub-area of electrical circuits. The book introduces fundamental properties and methods for analysis of direct current (DC) electric circuits including components such as resistors, capacitors, inductors, operational amplifiers, switches, and ideal and dependent voltage and current sources." -- Back cover
650 #0 - SUBJECT ADDED ENTRY--TOPICAL TERM
Topical term or geographic name entry element Electric circuits.
710 1# - ADDED ENTRY--CORPORATE NAME
Corporate name or jurisdiction name as entry element 3G E-Learning.
942 ## - ADDED ENTRY ELEMENTS (KOHA)
Source of classification or shelving scheme Dewey Decimal Classification
Suppress in OPAC No
Koha item type Books
Classification part 621.3815
Item part F962
Call number prefix ENG
Call number suffix 2020
Holdings
Withdrawn status Lost status Source of classification or shelving scheme Damaged status Not for loan Home library Current library Shelving location Date acquired Total Checkouts Full call number Barcode Date last seen Copy number Price effective from Koha item type
    Dewey Decimal Classification     Main Library Main Library Engineering Section 10/22/2025   ENG 621.3815 F962 2020 030589 10/22/2025 1-2 10/22/2025 Books
    Dewey Decimal Classification     Main Library Main Library Engineering Section 10/22/2025   ENG 621.3815 F962 2020 030590 10/22/2025 2-2 10/22/2025 Books